Score 0/22 Timer 02:30
0 Plays Today
Hint Answer % Correct
Yogi or SmokeyBEAR
96.2%
♫ What no one will do with Father McKenzie's sermon ♫♫ HEAR ♫
90.5%
Reserve a roomBOOK
89.1%
Chappelle or LettermanDAVE
88.3%
Judi Dench, for oneDAME
88%
Marathon, for exampleRACE
87%
♫ Ah, we do this at all the lonely people ♫♫ LOOK ♫
86.9%
Partner of 'now'HERE
86.4%
♫ Father McKenzie wipes it from his hands ♫♫ DIRT ♫
84.7%
'Mister' in MunichHERR
84.6%
Add to payrollHIRE
84.6%
Hint Answer % Correct
Blowgun ammoDART
82.8%
Grave, perilousDIRE
82.2%
♫ What Father McKenzie does with his socks ♫♫ DARN ♫
81.6%
An adjective for YankeesDAMN
80.2%
Mr. PiggyBOAR
79%
Celebrity statusFAME
76.5%
Uncouth galootBOOR
76%
♫ It's kept in a jar by the door ♫♫ FACE ♫
75.4%
Cathedral sectionNAVE
73.9%
♫ Eleanor picks this up after a wedding ♫♫ RICE ♫
72.9%
♫ Eleanor Rigby was buried along with it ♫♫ NAME ♫
71.4%

Today's Daily Dose

Remove Ads.
Support Sporcle.
Get the best of Sporcle when you Go Orange. This ad-free experience offers more features, more stats, and more fun while also helping to support Sporcle. Thank you for becoming a member.

You're not logged in!

Compare scores with friends on all Sporcle quizzes.
OR
Log In

Show Comments

Extras

Top Quizzes Today


Score Distribution

Your Account Isn't Verified!

In order to create a playlist on Sporcle, you need to verify the email address you used during registration. Go to your Sporcle Settings to finish the process.

Report this User

Report this user for behavior that violates our Community Guidelines.

Details: